Trasy Wielkich odkrywców geograficznych - Statystyki

Ogólne statystyki
  • Ten quiz został rozwiązany 8 razy
  • Średni wynik to 4 z 9
Statystyki odpowiedzi
Obrazkowy Odpowiedź % Poprawnych
Krzysztof Kolumb
100%
Vasco Da Gama
86%
Amerigo Vespucci
57%
Ferdynand Magellan
57%
James Cook
43%
David Livingstone
29%
Henry Hudson
29%
Jacques Cartier
29%
Henry Morton Stanley
14%
Nie znaleziono quizów pasujących do podanych kryteriów
Rozkład punktacji
Procent ludzi z każdym wynikiem
Percentyl według liczby udzielonych odpowiedzi
Twoja historia wyników
Nie rozwiązałeś tego quizu